| 000 | 01372nam0a2200349 4500 | ||
|---|---|---|---|
| 001 | RU\NLR\BIBL_A\022611744 | ||
| 005 | 20260420052639.0 | ||
| 010 |
_a978-5-4316-1203-9 _9500 |
||
| 021 |
_aRU _bКН-П-25-040183 _9КН-П-25-3915 |
||
| 035 | _a(NLR Aleph) 022611744 | ||
| 090 |
_a13683107 _c13683107 |
||
| 100 | _a20250828d2024 k y0rusy50 ca | ||
| 101 | 0 | _arus | |
| 102 | _aRU | ||
| 105 | _aa z 000yy | ||
| 181 | 0 |
_ai _baxxe |
|
| 182 | 0 | _an | |
| 200 | 1 |
_aКонструкции приводов несущих систем вертолетов _eмонография _fА. Б. Бельских, А. И. Ресинец |
|
| 203 |
_aТекст _bвизуальный _cнепосредственный |
||
| 210 |
_aМосква _cИзд-во МАИ _d2024 |
||
| 215 |
_a316 с. _cил., цв. ил. _d24 |
||
| 320 | _aБиблиогр.: с. 311-312 (12 назв.) | ||
| 606 | 1 |
_aВертолеты _xВинты _xПриводы _91277008 _3RU\NLR\AUTH\66208398 |
|
| 606 | 1 |
_aВертолёты _xТрансмиссии _92666365 _3RU\NLR\AUTH\6601754392 |
|
| 686 | 1 | _aО541.2-042 | |
| 686 | 1 | _aО553.21-044 | |
| 700 | 1 |
_aБельский _bА. Б. _gАлександр Борисович |
|
| 701 | 1 |
_aРесинец _bА. И. _gАнатолий Иванович |
|
| 942 | _cBOOK | ||
| 980 | _aNB | ||